William Faulkner

Salvato in:
Dettagli Bibliografici
Autore principale: Friedman, Alan Warren
Natura: Libro
Lingua:Undetermined
Pubblicazione: Buenos Aires, Argentina Ediciones Aragón 1986
Soggetti:
Tags: Aggiungi Tag
Nessun Tag, puoi essere il primo ad aggiungerne!!

MARC

LEADER 00000nam a2200000Ia 4500
008 170316s9999 xx 000 0 und d
090 |a B-810 F-1w 
100 |a Friedman, Alan Warren 
245 |a William Faulkner 
260 |a Buenos Aires, Argentina 
260 |b Ediciones Aragón 
260 |c 1986 
300 |a 221páginas 
650 |a LITERATURA ESTADOUNIDENSE 
650 |a BIOGRAFÍA 
999 |c 28041  |d 28041 
040 |a cru BVZT 
942 |c 15 D  |h B-810 F-1w  |2 z